| 000 -CABECERA |
| Campo de control de longitud fija |
00669nam a22001937a 4500 |
| 005 - FECHA Y HORA DE LA ÚLTIMA TRANSACCIÓN |
| Campo de control |
20211124122241.0 |
| 008 - CAMPO FIJO DE DESCRIPCIÓN FIJA--INFORMACIÓN GENERAL |
| Campo de control de longitud fija |
211124b ||||| |||| 00| 0 eng d |
| 020 ## - ISBN (INTERNATIONAL STANDARD BOOK NUMBER) |
| ISBN |
9788416249145 |
| 040 ## - FUENTE DE CATALOGACIÓN |
| Agencia de catalogación original |
CDMR |
| 100 ## - ENCABEZAMIENTO PRINCIPAL--NOMBRE PERSONAL |
| 9 (RLIN) |
4732 |
| Nombre de persona |
Ferrer, Rai |
| 245 ## - MENCIÓN DE TÍTULO |
| Título |
La aventura de Strong |
| Parte restante del título |
: historia de una revista juvenil de culto |
| Mención de responsabilidad, etc. |
/ Rai Ferrer, Miguel Agustí |
| 260 ## - PUBLICACIÓN, DISTRIBUCIÓN, ETC (PIE DE IMPRENTA) |
| Lugar de publicación, distribución, etc. |
Barcelona: |
| Nombre del editor, distribuidor, etc. |
Continuará Comics, |
| Fecha de publicación, distribución, etc. |
2016 |
| 300 ## - DESCRIPCIÓN FÍSICA |
| Extensión |
124 pàgines |
| Otros detalles físicos |
: il·lustracions; |
| Dimensiones |
32 cm |
| 610 #0 - ASIENTO SECUNDARIO DE MATERIA--NOMBRE CORPORATIVO |
| 9 (RLIN) |
4734 |
| Nombre corporativo o nombre de la jurisdicción como elemento de entrada |
Strong (Revista) |
| 650 #0 - ASIENTO SECUNDARIO DE MATERIA--TÉRMINO DE MATERIA |
| 9 (RLIN) |
3313 |
| Nombre de materia o nombre geográfico como elemento de entrada |
Còmics |
| Subdivisión geográfica |
Espanya |
| Subdivisión general |
Història i crítica |
| 650 #0 - ASIENTO SECUNDARIO DE MATERIA--TÉRMINO DE MATERIA |
| 9 (RLIN) |
3162 |
| Nombre de materia o nombre geográfico como elemento de entrada |
Humorisme gràfic |
| Subdivisión geográfica |
Espanya |
| Subdivisión general |
Història |
| 700 ## - ENCABEZAMIENTO SECUNDARIO--NOMBRE PERSONAL |
| 9 (RLIN) |
4733 |
| Nombre de persona |
Agustí, Miguel |
| 942 ## - ELEMENTOS KOHA |
| Fuente de clasificación o esquema de ordenación en estanterías |
|
| Koha tipo de item |
Monografies |